00386nam a22001457a 4500003001200000005001700012008004100029020001500070040001200085082001400097100001900111245005300130260001100183650004600194NUST - PNEC20170116180921.0150904b xxu||||| |||| 00| 0 eng d a0091269008 cLIBRARY a668.3 JAC aJackson, B. S. aIndustrial adhesives and sealantscB. S. Jackson cc.1976 aIndustrial manufacturing engineeringxIME